| 000 | 01414cam a2200361 i 4500 | ||
|---|---|---|---|
| 999 |
_c1874 _d1874 |
||
| 001 | 18380781 | ||
| 003 | OSt | ||
| 005 | 20230213120743.0 | ||
| 008 | 141114s2016 mnua j b 001 0 eng c | ||
| 010 | _a 2014044208 | ||
| 020 | _a9781491458983 (pbk.) | ||
| 040 |
_aNJQ/DLC _beng _cNJQ _erda _dDLC _dKH8 |
||
| 042 | _apcc | ||
| 043 | _azma---- | ||
| 082 | 0 | 4 |
_a523.43 RAD _223 |
| 100 | 1 |
_aRadomski, Kassandra, _eauthor. |
|
| 245 | 1 | 4 |
_aThe secrets of Mars / _cby Kassandra Radomski. |
| 264 | 1 |
_aNorth Mankato, Minnesota : _bCapstone Press, a Capstone imprint, _c[2016] |
|
| 300 |
_a32 pages : _billustrations (chiefly color) ; _c23 cm. |
||
| 336 |
_atext _2rdacontent |
||
| 337 |
_aunmediated _2rdamedia |
||
| 338 |
_avolume _2rdacarrier |
||
| 490 | 0 | _aSmithsonian. Planets | |
| 504 | _aIncludes bibliographical references and index. | ||
| 520 |
_a"Discusses the planet Mars, including observations by ancient cultures, current knowledge of Mars, and plans for future scientific research and space exploration"-- _cProvided by publisher. |
||
| 521 | 1 | _aAges 8-10. | |
| 521 | 2 | _aGrades 4 to 6. | |
| 651 | 0 |
_aMars (Planet) _vJuvenile literature. |
|
| 651 | 0 |
_aMars (Planet) _xExploration _vJuvenile literature. |
|
| 906 |
_a7 _bcbc _corignew _d1 _eecip _f20 _gy-gencatlg |
||
| 942 |
_2ddc _cNFIC |
||